000 01441pam a2200337 a 4500
001 1998887
003 NUST-PNEC
005 20170116180726.0
008 900703s1991 nyuaf b 001 0 eng
010 _a 90042969
020 _a0070366985
040 _aDLC
_cPNEC
_dDLC
050 0 0 _aQA76.9.C65
_bL38 1991
082 0 0 _a003.3 LAW
_220
100 1 _aLaw, Averill M.
245 1 0 _aSimulation modeling and analysis /
_cAverill M. Law, W. David Kelton.
250 _a2nd ed.
260 _aNew york :
_bMcGraw-Hill,
_cc1991.
300 _axxii, 759 p., [2] p. of plates :
_bill. (some col.) ;
_c24 cm.
440 0 _aMcGraw-Hill series in industrial engineering and management science
500 _aCover title: Simulation modeling & analysis. Includes index.
504 _aIncludes bibliographical references and indexes.
650 0 _aDigital computer simulation.
_xMIS, Computer
700 1 _aKelton, W. David.
740 0 _aSimulation modeling & analysis.
856 4 2 _uhttp://www.amazon.com/Simulation-Modeling-Industrial-Engineering-Management/dp/0070366985/ref=sr_1_1?ie=UTF8&qid=1415248447&sr=8-1&keywords=0070366985
856 4 1 _3Table of contents only
_uhttp://www.loc.gov/catdir/enhancements/fy0602/90042969-t.html
906 _a7
_bcbc
_corignew
_d1
_eocip
_f19
_gy-gencatlg
942 _2ddc
_cBK
999 _c61605
_d61605